LDR 00850naa#a2200157#i#450# 001 RU\\bibl\20028 005 20260701124247.3 100 ## _a20260630b2026####ek#y0rusy0150####ca 102 ## _aRU 200 1# _aИНТЕГРАЦИЯ СИСТЕМНОГО АНАЛИЗА И МОДЕЛИРОВАНИЯ БИЗНЕС-ПРОЦЕССОВ КАК ОСНОВА ЭФФЕКТИВНЫХ ПРЕОБРАЗОВАНИЙ _eСтатья/тезисы конференции 210 1# _aВоронеж _cВоронежский государственный лесотехнический университет имени Г.Ф. Морозова _d2026 215 ## _a8 с. 608 ## _aСтатья/тезисы конференции _2local 675 ## _aСистемный уровень. Системный анализ. 303.732 _z 700 #1 _aСтрюкова _gА. С. 856 4# _abibl.vgltu.ru _u